|
|
|
|
| LEADER |
00000nam a2200000 a 4500 |
| 001 |
vtls001452357 |
| 003 |
SK-MaSNL |
| 005 |
20260301073146.0 |
| 008 |
240318s1962 xx 0 und |
| 035 |
|
|
|a SNK000407664
|
| 040 |
|
|
|a SNK
|b slo
|c SNK
|e AACR2
|
| 100 |
1 |
|
|a Šarová, A.
|4 aut
|9 393789
|
| 245 |
1 |
0 |
|a Izolácia budov proti vlhkosti
|b Výberový zoznam odporúčanej literatúry
|
| 250 |
|
|
|a 1. vyd.
|
| 260 |
|
|
|a Bratislava
|b Slovenská technická knižnica
|c 1962
|
| 300 |
|
|
|a 32 s.
|
| 999 |
|
|
|c 643302
|d 645232
|
| 952 |
|
|
|a SNK
|b SNK
|y PREZ
|7 0
|p 17A0726350
|o snkSD 22272
|0 0
|1 0
|4 0
|d 2011-11-16
|l 0
|r 2025-12-05 00:00:00
|w 2026-02-23
|
| 952 |
|
|
|t P60, <04>, [BOOK], {604}
|a SNK
|b SNK
|y VYP
|7 0
|p 17A0381145
|o snkSD 22272 D1
|i snkKSP 3186/62
|0 0
|1 0
|4 0
|d 2003-04-19
|l 0
|r 2005-01-02 00:00:00
|w 2026-02-23
|